000
00288nam a22001337a 4500
008
170807b xxu||||| |||| 00| 0 eng d
020
_a
9780201700053
041
_a
eng
080
_2
2ND
_a
004
100
_a
34
101
_a
SHK
245
_a
GREATING STORES
_c
SAWYER,B
942
_2
udc
_c
BK
999
_c
22835
_d
22835